Natural language processing with Python / (Record no. 22392)
[ view plain ]
| 000 -LEADER | |
|---|---|
| fixed length control field | 01779cam a2200373 a 4500 |
| 001 - CONTROL NUMBER | |
| control field | 16324817 |
| 005 - DATE AND TIME OF LATEST TRANSACTION | |
| control field | 20160925145120.0 |
| 008 - FIXED-LENGTH DATA ELEMENTS--GENERAL INFORMATION | |
| fixed length control field | 100709s2009 caua frb 001 0 eng d |
| 010 ## - LIBRARY OF CONGRESS CONTROL NUMBER | |
| LC control number | 2010455716 |
| 015 ## - NATIONAL BIBLIOGRAPHY NUMBER | |
| National bibliography number | GBA936337 |
| Source | bnb |
| 016 7# - NATIONAL BIBLIOGRAPHIC AGENCY CONTROL NUMBER | |
| Record control number | 015109089 |
| Source | Uk |
| 020 ## - INTERNATIONAL STANDARD BOOK NUMBER | |
| International Standard Book Number | 9780596516499 (pbk.) |
| 020 ## - INTERNATIONAL STANDARD BOOK NUMBER | |
| International Standard Book Number | 0596516495 (pbk.) |
| 035 ## - SYSTEM CONTROL NUMBER | |
| System control number | (OCoLC)ocn301885973 |
| 040 ## - CATALOGING SOURCE | |
| Original cataloging agency | BTCTA |
| Language of cataloging | eng |
| Transcribing agency | BTCTA |
| Modifying agency | EG-ScBUE |
| 042 ## - AUTHENTICATION CODE | |
| Authentication code | lccopycat |
| 082 04 - DEWEY DECIMAL CLASSIFICATION NUMBER | |
| Edition number | 22 |
| Classification number | 005.133 |
| Item number | BIR |
| 100 1# - MAIN ENTRY--PERSONAL NAME | |
| Personal name | Bird, Steven. |
| 9 (RLIN) | 41196 |
| 245 10 - TITLE STATEMENT | |
| Title | Natural language processing with Python / |
| Statement of responsibility, etc | Steven Bird, Ewan Klein, and Edward Loper. |
| 260 ## - PUBLICATION, DISTRIBUTION, ETC. (IMPRINT) | |
| Place of publication, distribution, etc | Sebastopol, California : |
| Name of publisher, distributor, etc | O'Reilly Media, Inc., |
| Date of publication, distribution, etc | c.2009. |
| 300 ## - PHYSICAL DESCRIPTION | |
| Extent | xx, 479 p. : |
| Other physical details | ill. ; |
| Dimensions | 24 cm. |
| 500 ## - GENERAL NOTE | |
| General note | "Analyzing text with the natural language toolkit"--Cover. |
| 500 ## - GENERAL NOTE | |
| General note | Index : p. 463-479. |
| 504 ## - BIBLIOGRAPHY, ETC. NOTE | |
| Bibliography, etc | Bibliography : p. 449-458. |
| 505 ## - FORMATTED CONTENTS NOTE | |
| Formatted contents note | Language processing and Python -- Accessing text corpora and lexical resources -- Processing raw text -- Writing structured programs -- Categorizing and tagging words -- Learning to classify text -- Extracting information from text --<br/>Analyzing sentence structure -- Building feature-based grammars -- Analyzing the meaning of sentences --<br/>Managing linguistic data. |
| 520 ## - SUMMARY, ETC. | |
| Summary, etc | This is an introduction to natural language processing, which supports a variety of language technologies, from predictive text and email filtering to automatic summarization and translation. |
| 650 #7 - SUBJECT ADDED ENTRY--TOPICAL TERM | |
| Topical term or geographic name as entry element | Python (Computer program language). |
| Source of heading or term | BUEsh |
| 9 (RLIN) | 13168 |
| 650 #7 - SUBJECT ADDED ENTRY--TOPICAL TERM | |
| Topical term or geographic name as entry element | Natural language processing (Computer science). |
| Source of heading or term | BUEsh |
| 9 (RLIN) | 4460 |
| 651 ## - SUBJECT ADDED ENTRY--GEOGRAPHIC NAME | |
| Source of heading or term | BUEsh |
| 653 ## - INDEX TERM--UNCONTROLLED | |
| Resource For college | Informatics and Computer Science |
| Arrived date list | September2016 |
| 700 1# - ADDED ENTRY--PERSONAL NAME | |
| Personal name | Klein, Ewan. |
| 9 (RLIN) | 41200 |
| 700 1# - ADDED ENTRY--PERSONAL NAME | |
| Personal name | Loper, Edward. |
| 9 (RLIN) | 41199 |
| 942 ## - ADDED ENTRY ELEMENTS (KOHA) | |
| Source of classification or shelving scheme | Dewey Decimal Classification |
| Edition | 22 |
| Call number prefix | 005.133 BIR |
| Withdrawn status | Item status | Source of classification or shelving scheme | Damaged status | Not for loan | Home library | Current library | Shelving location | Date acquired | Source of acquisition | Cost, normal purchase price | Serial Enumeration / chronology | Total Checkouts | Total Renewals | Full call number | Barcode | Date last seen | Date last borrowed | Cost, replacement price | Koha item type |
|---|---|---|---|---|---|---|---|---|---|---|---|---|---|---|---|---|---|---|---|
| Dewey Decimal Classification | Central Library | Central Library | Lower Floor | 25/09/2016 | Purchase | 386.00 | 26103 | 3 | 31 | 005.133 BIR | 000033484 | 15/07/2025 | 24/08/2022 | 482.00 | Book - Borrowing |